000 00868nas a2200277 4500
001 BR0003422
003 BR-BrBNA
005 20231205101935.0
007 ta
008 230509b bl.|||p| |||| 00| 00por d
040 _aBR-BrBNA
_bpor
_cBiblioteca Nacional de Agricultura
041 _a(Pt)
072 _aU40; P10
100 1 _aFiorio, P.R.
100 1 _aDematte, J.A.M.
100 1 _aSparovek, G.
245 1 _aCronologia e impacto ambiental do uso da terra na Microbacia Hidrografica do Ceveiro, em Piracicaba, SP
650 _aMicrobacia
650 _aFotointerpretacao
650 _aSensoriamento Remoto
650 _aImpacto Ambiental
650 _aSao Paulo
773 0 _tPesquisa Agropecuaria Brasileira (Brazil)
_xISSN 0100-204X
_g(Apr 2000), v. 35(4) p. 671-679
_wBR0003422
909 _a202311
_bLúcia
_c55
_dLúcia Elande
942 _2AGRIS
_n0
_cANA
999 _c164837
_d164837